现代占卜精华: 人生成功法则 (Record no. 53232)

000 -LEADER
fixed length control field 00482nam a22001937a 4500
003 - CONTROL NUMBER IDENTIFIER
control field MPLRDC
005 - DATE AND TIME OF LATEST TRANSACTION
control field 20220104153043.0
008 - FIXED-LENGTH DATA ELEMENTS--GENERAL INFORMATION
fixed length control field 210129b ||||| |||| 00| 0 eng d
020 ## - INTERNATIONAL STANDARD BOOK NUMBER
International Standard Book Number 962-542-006-1
082 ## - DEWEY DECIMAL CLASSIFICATION NUMBER
Classification number 292 LWL
100 ## - MAIN ENTRY--PERSONAL NAME
Personal name 罗文联编著
245 ## - TITLE STATEMENT
Title 现代占卜精华: 人生成功法则
Statement of responsibility, etc.
250 ## - EDITION STATEMENT
Edition statement 初版
260 ## - PUBLICATION, DISTRIBUTION, ETC.
Place of publication, distribution, etc.
Name of publisher, distributor, etc. 秋海棠文化企业
Date of publication, distribution, etc. 1997
300 ## - PHYSICAL DESCRIPTION
Other physical details
490 ## - SERIES STATEMENT
Series statement 命理天地系列之一
650 ## - SUBJECT ADDED ENTRY--TOPICAL TERM
Topical term or geographic name entry element 占卜
942 ## - ADDED ENTRY ELEMENTS (KOHA)
Koha item type Book
-- 292 LWL
Holdings
Withdrawn status Lost status Source of classification or shelving scheme Damaged status Not for loan Collection code Home library Current library Shelving location Date acquired Cost, normal purchase price Total Checkouts Full call number Barcode Date last seen Date last checked out Price effective from Koha item type Public note
            Malaysian Public Library, Research and Development Centre Malaysian Public Library, Research and Development Centre   10/12/2007 43.00   292 LWL 00053413 18/03/2021 10/07/2016 18/03/2021 Book mplrdc

© 2022. Malaysian Public Library, Research and Development Centre. All Right ReservedE-mailmplrdc@help.edu.my 

Powered by Koha